| 000 | 02039nam a2200529 c 4500 | ||
|---|---|---|---|
| 001 | 1936297825 | ||
| 003 | DE-627 | ||
| 005 | 20250930104242.0 | ||
| 007 | cr uuu---uuuuu | ||
| 008 | 250919s2023 xx |||||o 00| ||ger c | ||
| 020 |
_a9783753919317 _cEPUB |
||
| 024 | 7 |
_aurn:nbn:de:gbv:18-epflicht-253736 _2urn |
|
| 035 | _a(DE-627)1936297825 | ||
| 035 | _a(DE-599)KEP118730258 | ||
| 035 | _a(EPFHH)d2bfe9d1-d1d9-4067-8d2e-ce1c2a328af1 | ||
| 035 | _a(EPFHH-ALTRAVERSE)1041491646_9783753919317 | ||
| 035 | _a(DE-627-1)118730258 | ||
| 040 |
_aDE-627 _bger _cDE-627 _erda |
||
| 041 |
_ager _hjpn |
||
| 072 | 7 |
_a9182 _2wsb |
|
| 082 | 0 | 4 |
_a741.5 _qDE-576 |
| 245 | 0 | 4 |
_aEin Zeichen der Zuneigung 08 _csuu Morishita, Diana Hesse |
| 264 | 1 |
_aHamburg _bAltraverse _c2023 |
|
| 300 | _a1 Online-Ressource (162 S.) | ||
| 336 |
_aText _btxt _2rdacontent |
||
| 337 |
_aComputermedien _bc _2rdamedia |
||
| 338 |
_aOnline-Ressource _bcr _2rdacarrier |
||
| 490 | 0 |
_aEin Zeichen der Zuneigung _v8 |
|
| 520 | _aYuki fühlt sich überrumpelt. Wie aus dem Nichts hat Itsuomi sie gefragt, ob sie zusammenziehen wollen. Ihr Herz schreit Ja, doch hat sie Bedenken, ob er im Alltag mit ihrer Hörminderung klarkommt. Um seinen Entschluss zu bekräftigen, schlägt Itsuomi vor, Yukis Eltern zu besuchen. Wie werden diese auf ihn reagieren? | ||
| 583 | 1 |
_aArchivierung/Langzeitarchivierung gewährleistet _fPEHH _kDE-576 _2pdager _5DE-18 |
|
| 650 | 4 | _aGebärdensprache | |
| 650 | 4 | _aShojo | |
| 650 | 4 | _aUniversität | |
| 650 | 4 | _aRomance | |
| 650 | 4 | _aSprache | |
| 650 | 4 | _aFremde Länder | |
| 650 | 4 | _aManga | |
| 650 | 4 | _aReisen | |
| 650 | 4 | _aFremdsprachen | |
| 700 | 1 |
_aMorishita, suu _eVerfasserIn _4aut |
|
| 700 | 1 |
_aHesse, Diana _eÜbersetzerIn _4trl |
|
| 776 | 1 | _z9783753919300 | |
| 776 | 0 | 8 |
_iErscheint auch als _nDruck-Ausgabe _z9783753919300 |
| 856 | 4 | 0 |
_uhttps://nbn-resolving.org/urn:nbn:de:gbv:18-epflicht-253736 _mX:EPF _qapplication/epub+zip _zlizenzpflichtig |
| 942 |
_2ddc _cMGA _n0 |
||
| 951 | _aBO | ||
| 999 |
_c1342 _d1342 |
||